Formando La Identidad Mercedaria / (Record no. 954)

000 -CABECERA
fixed length control field 01147nam a22002177a 4500
003 - IDENTIFICADOR DEL NÚMERO DE CONTROL
control field AR-CdUCM
008 - DATOS DE LONGITUD FIJA--INFORMACIÓN GENERAL
fixed length control field 190226b ||||| |||| 00| 0 spa d
040 ## - FUENTE DE LA CATALOGACIÓN
Agencia/entidad que catalogó originalmente la obra MUNICIPALIDAD PROVINCIAL DEL CUSCO
Entidad que transcribió la catalogación BIBLIOTECA MUNICIPAL DEL CUSCO
082 ## - NÚMERO DE LA CLASIFICACIÓN DECIMAL DEWEY
No. de Clasificación 250 /
Notacion interna T266
100 ## - ENTRADA PRINCIPAL--NOMBRE DE PERSONA
Nombre Personal Tejada Manrique, Juan Marcial
245 ## - MENCIÓN DE TÍTULO
Título Formando La Identidad Mercedaria /
260 ## - PUBLICACIÓN, DISTRIBUCIÓN, ETC.
Lugar de publicación, distribución, etc. Lima :
Nombre de la editorial, distribuidor, etc. Provincia Mercedaria del Perú,
Fecha de publicación, distribución, etc. 1991.
300 ## - DESCRIPCIÓN FÍSICA
Nº de Páginas Extensión 140 paginas ;
Dimensiones 20 cm.
505 ## - NOTA DE CONTENIDO CON FORMATO
Nota de contenido formateada Carta circular N° 001-DP-93, a todos los comendadores de la provincia Mercedaria del Perú, solicitando sugerencias para reunión de provinciales del Perú -- Carta circular N° 002-DP-93, dirigida a los RR.PP. Ricardo Gomez Cornejo Muñoz, Edgar Manrique Torres, Jorge Capristan Vargas y Carlos Silva Ramos, convocándolos a una reunión de estudio para acordar las proposiciones de deban presentarse al V encuentro de formadores con sede en Brasil...
650 ## - PUNTO DE ACCESO ADICIONAL DE MATERIA--TÉRMINO DE MATERIA
Descriptor San Pedro Nolasco
9 (RLIN) 3702
650 ## - PUNTO DE ACCESO ADICIONAL DE MATERIA--TÉRMINO DE MATERIA
Descriptor Divino redentor
9 (RLIN) 3703
650 ## - PUNTO DE ACCESO ADICIONAL DE MATERIA--TÉRMINO DE MATERIA
Descriptor Santisima Madre de la Merced
9 (RLIN) 3704
650 ## - PUNTO DE ACCESO ADICIONAL DE MATERIA--TÉRMINO DE MATERIA
Descriptor Libres para liberar
9 (RLIN) 3705
942 ## - ELEMENTOS DE PUNTO DE ACCESO ADICIONAL (KOHA)
Fuente de clasificación
Tipo de item Libros-BMC
945 ## - PROCESAMIENTO DE INFORMACIÓN LOCAL (OCLC)
Catalogador wnts
AAAA-MM-DD - Fecha de ingreso o modificacion 2019-02-26
Holdings
Estado de retiro (separado) Fuente de clasificación o esquema de estanterías Estado dañado Ubicación Sala donde se ubica Nombre de la colección Fecha de adquisición o compra Costo, precio normal en soles Signatura topográfica Código de Barras Última vez visto (Koha) Tipo de ítem (Koha)
No     Sala Humanidades Sala Humanidades Book Cart 2019-02-26 20.00 250 / T266 SH0000001143 2019-02-26 Libros-BMC

Powered by Koha